Catálogo
 En Linea

La pinacoteca de un burgués / (Registro nro. 12823)

Detalles MARC
000 -CABECERA
campo de control de longitud fija 00619nam a2200205 a 4500
001 - NÚMERO DE CONTROL
campo de control 000013184
005 - FECHA Y HORA DE LA ÚLTIMA TRANSACCIÓN
campo de control 20240412074238.0
008 - DATOS DE LONGITUD FIJA--INFORMACIÓN GENERAL
campo de control de longitud fija 091120s1992 dr a 000 f spa d
040 ## - FUENTE DE LA CATALOGACIÓN
Centro catalogador/agencia de origen DO-SdBNP
Lengua de catalogación spa
Centro/agencia transcriptor BNPHU
082 ## - NÚMERO DE LA CLASIFICACIÓN DECIMAL DEWEY
Número de clasificación RD863.44
Número de documento/Ítem V145p
049 ## - FONDOS LOCALES (OCLC)
Fondos de biblioteca BNPD
100 1# - ENTRADA PRINCIPAL--NOMBRE DE PERSONA
Nombre de persona Valdez, Diógenes
9 (RLIN) 22958
245 13 - MENCIÓN DE TÍTULO
Título La pinacoteca de un burgués /
Mención de responsabilidad, etc. Diógenes Valdez.
260 ## - PUBLICACIÓN, DISTRIBUCIÓN, ETC.
Lugar de publicación, distribución, etc. Santo Domingo, :
Nombre del editor, distribuidor, etc. Taller,
Fecha de publicación, distribución, etc. 1992.
300 ## - DESCRIPCIÓN FÍSICA
Extensión 137 p. :
Otras características físicas il. ;
Dimensiones 20 cm.
490 1# - MENCIÓN DE SERIE
Mención de serie Biblioteca taller
Designación de volumen o secuencia v. 283
650 #0 - PUNTO DE ACCESO ADICIONAL DE MATERIA--TÉRMINO DE MATERIA
Término de materia o nombre geográfico como elemento de entrada Cuentos dominicanos
9 (RLIN) 176
650 #0 - PUNTO DE ACCESO ADICIONAL DE MATERIA--TÉRMINO DE MATERIA
Término de materia o nombre geográfico como elemento de entrada Literatura dominicana.
9 (RLIN) 67
830 #0 - PUNTO DE ACCESO ADICIONAL DE SERIE-TÍTULO UNIFORME
Título uniforme Biblioteca taller
Designación de volumen o secuencia No. 283
9 (RLIN) 164
Existencias
Estado de retiro Estado de pérdida No para préstamo Código de colección Localización permanente Ubicación/localización actual Ubicación en estantería Fecha de adquisición Número de inventario Total de préstamos Signatura topográfica completa Código de barras Fecha visto por última vez Número de copia Precio válido a partir de Tipo de ítem Koha
    Excluido de préstamo Dominicana de Servicio General General En catalogación 20.11.2009 LF1   RD863.44 V145p 13184-30 25.06.2020 e. 3 25.06.2020 Libro y Folleto Colección Dominicana de Servicio
    Excluido de préstamo Dominicana de Servicio General General En catalogación 20.11.2009 LF1   RD863.44 V145p 13184-40 25.06.2020 e. 4 25.06.2020 Libro y Folleto Colección Dominicana de Servicio
    Excluido de préstamo Dominicana de Servicio General General En catalogación 20.11.2009 LF1   RD863.44 V145p 13184-50 25.06.2020 e. 5 25.06.2020 Libro y Folleto Colección Dominicana de Servicio
    Excluido de préstamo Patrimonio Dominicano Patrimonio Dominicano Patrimonio Dominicano En catalogación 20.11.2009 LF1   RD863.44 V145p 13184-10 25.06.2020   25.06.2020 Libro y Folleto Colección Patrimonio Dominicano
      Patrimonio Dominicano Patrimonio Dominicano Patrimonio Dominicano Orden iniciada 20.11.2009 LF1   RD863.44 V145p 13184-20 25.06.2020   25.06.2020 Libro y Folleto Colección Patrimonio Dominicano

Con tecnología Koha